Zdobywcy pucharu Włoch - Statystyki

Ogólne statystyki
  • Ten quiz został rozwiązany 59 razy
  • Średni wynik to 10 z 15
Statystyki odpowiedzi
Wygrane Kluby % Poprawnych
9 Inter
100%
15 Juventus
100%
5 Milan
96%
9 Roma
87%
7 Lazio
85%
6 Napoli
85%
6 Fiorentina
81%
3 Parma
72%
5 Torino
68%
2 Bologna
62%
1 Atalanta
60%
4 Sampdoria
60%
1 Genoa
38%
1 Venezia
21%
1 Vicenza Calcio
2%
Nie znaleziono quizów pasujących do podanych kryteriów
Rozkład punktacji
Procent ludzi z każdym wynikiem
Percentyl według liczby udzielonych odpowiedzi
Twoja historia wyników
Nie rozwiązałeś tego quizu